000
00302nam a22001337a 4500
020
_a
817826330-0
082
_a
823
_b
GRI/H
100
_a
BROTHERS GRIMM
245
_a
HANSEL AND GRETEL
260
_a
DELHI
_b
ROHAN BOOK COMPANY
_c
2003
300
_a
224
650
_a
MODERN ILLUSTRATED CLASSICS
942
_c
BK
999
_c
272
_d
272